Largest Cities Starting With A - Statistics

General Stats
  • This quiz has been taken 45 times
    38 since last reset
  • The average score is 15 of 20
Answer Stats
Country Population City % Correct
Ethiopia 2.7M Addis Ababa
100%
Egypt 3.8M Alexandria
97%
Algeria 2M Algiers
97%
Turkey 3.5M Ankara
97%
Paraguay 1.9M Asuncion
97%
Nigeria 4.2M Abuja
92%
Ghana 2M Accra
92%
Jordan 1.4M Amman
92%
Australia 1.2M Adelaide
89%
Madagascar 1.4M Antananarivo
89%
Syria 1.9M Aleppo
84%
Kazakhstan 2M Almaty
84%
Ivory Coast 3.6M Abidjan
82%
India 1.6M Agra
71%
India 3.7M Ahmedabad
68%
Turkey 1.3M Adana
45%
India 1M Amritsar
24%
China 1.1M Anshan
24%
India 1M Allahabad
13%
India 1M Aurangabad
11%
No matching quizzes found
Score Distribution
Percent of People with Each Score
Percentile by Number Answered
Your Score History
You have not taken this quiz since the last reset